Vietnam / (Record no. 6364)
[ view plain ]
| 000 -LEADER | |
|---|---|
| fixed length control field | 01224nam a22003017a 4500 |
| 001 - CONTROL NUMBER | |
| control field | 6364 |
| 003 - CONTROL NUMBER IDENTIFIER | |
| control field | FISKH |
| 005 - DATE AND TIME OF LATEST TRANSACTION | |
| control field | 20250424095643.0 |
| 008 - FIXED-LENGTH DATA ELEMENTS--GENERAL INFORMATION | |
| fixed length control field | 250424b cb ||||| |||| 00| 0 eng d |
| 020 ## - INTERNATIONAL STANDARD BOOK NUMBER | |
| International Standard Book Number | 9781741797152 |
| 040 ## - CATALOGING SOURCE | |
| Original cataloging agency | FISKH |
| Language of cataloging | eng |
| Transcribing agency | FISKH |
| Modifying agency | FISKH |
| 050 ## - LIBRARY OF CONGRESS CALL NUMBER | |
| Classification number | DS556.25 .F56 |
| 082 ## - DEWEY DECIMAL CLASSIFICATION NUMBER | |
| Classification number | 915.970444 |
| 100 ## - MAIN ENTRY--PERSONAL NAME | |
| Personal name | Ray, Nick |
| 245 ## - TITLE STATEMENT | |
| Title | Vietnam / |
| Statement of responsibility, etc. | This edition written and researched by Lain Stewart, Brett Atkinson, Peter Dragicevich and Nick Ray |
| 260 ## - PUBLICATION, DISTRIBUTION, ETC. | |
| Place of publication, distribution, etc. | Fort Mill : |
| Name of publisher, distributor, etc. | Lonely Planet Publications Pty Ltd , |
| Date of publication, distribution, etc. | 2012. |
| 300 ## - PHYSICAL DESCRIPTION | |
| Extent | 551 pages : |
| Other physical details | color illustrations , maps ; |
| Dimensions | 20 cm . |
| 490 ## - SERIES STATEMENT | |
| Series statement | Lonely Planet |
| 505 ## - FORMATTED CONTENTS NOTE | |
| Formatted contents note | Z <br/><br/> |
| 520 ## - SUMMARY, ETC. | |
| Summary, etc. | Lonely Planet's Vietnam is our most comprehensive guide that extensively covers all the country has to offer, with recommendations for both popular and lesser-known experiences. Kayak through Halong Bay, sample street food in Hanoi and immerse yourself in a rich history; all with your trusted travel companion. |
| 521 8# - TARGET AUDIENCE NOTE | |
| Target audience note | 1000 <br/> |
| Source | Lexile <br/> |
| 521 8# - TARGET AUDIENCE NOTE | |
| Target audience note | Z <br/> |
| Source | Raz-Plus <br/> |
| 650 ## - SUBJECT ADDED ENTRY--TOPICAL TERM | |
| Topical term or geographic name entry element | Lonely Planet |
| Form subdivision | Non-fiction |
| 650 ## - SUBJECT ADDED ENTRY--TOPICAL TERM | |
| Topical term or geographic name entry element | Travel guide |
| Form subdivision | Non-fiction |
| 700 ## - ADDED ENTRY--PERSONAL NAME | |
| Personal name | Stewart, Lain |
| Relator term | Illustrator |
| 942 ## - ADDED ENTRY ELEMENTS (KOHA) | |
| Source of classification or shelving scheme | Dewey Decimal Classification |
| Koha item type | Books |
| Suppress in OPAC | No |
| Withdrawn status | Lost status | Source of classification or shelving scheme | Damaged status | Not for loan | Collection | Home library | Current library | Shelving location | Date acquired | Total Checkouts | Full call number | Barcode | Date last seen | Price effective from | Koha item type |
|---|---|---|---|---|---|---|---|---|---|---|---|---|---|---|---|
| Dewey Decimal Classification | Non-Fiction | Footprints International School Library Network Toul Tom Poung Campus | Footprints International School Library Network Toul Tom Poung Campus | TTP Secondary Non-Fiction Bookshelves | 04/24/2025 | RAY 915.970444 DS556.25 .F56 | 2025-1110 | 04/24/2025 | 04/24/2025 | Books |
